|
|
|
|
| LEADER |
00000nam0a2200000 4500 |
| 001 |
326722 |
| 005 |
20231102003905.0 |
| 035 |
|
|
|a (RuTPU)RU\TPU\book\352382
|
| 090 |
|
|
|a 326722
|
| 100 |
|
|
|a 20170113d1980 k y0rusy5003 ca
|
| 101 |
0 |
|
|a rus
|
| 102 |
|
|
|a RU
|
| 105 |
|
|
|a a z 001zy
|
| 200 |
1 |
|
|a Приборы и устройства электронных систем управления
|e межвузовский сборник
|f Ленинградский институт авиационного приборостроения (ЛИАП) ; науч. ред. В. А. Бесекерский
|
| 210 |
|
|
|a Ленинград
|c Изд-во ЛЭТИ
|d 1980
|
| 215 |
|
|
|a 159 с.
|d 20 см.
|c ил.
|
| 225 |
1 |
|
|a Межвузовский сборник [Ленинградского института авиационного приборостроения]
|v Вып. 143
|
| 320 |
|
|
|a Библиография в конце статей
|
| 606 |
1 |
|
|a Автоматические системы управления
|x Электронные устройства
|2 stltpush
|3 (RuTPU)RU\TPU\subj\863
|9 29669
|
| 610 |
1 |
|
|a синтез
|
| 610 |
1 |
|
|a анализ
|
| 610 |
1 |
|
|a микропроцессорные элементы
|
| 610 |
1 |
|
|a аналоговые устройства
|
| 610 |
1 |
|
|a цифровые устройства
|
| 610 |
1 |
|
|a движущиеся цели
|
| 610 |
1 |
|
|a селекция
|
| 610 |
1 |
|
|a расчет
|
| 610 |
1 |
|
|a управление
|
| 610 |
1 |
|
|a дискретные системы
|
| 610 |
1 |
|
|a моделирование
|
| 610 |
1 |
|
|a электронные приборы
|
| 610 |
1 |
|
|a применение
|
| 675 |
|
|
|a 681.527.7
|z rus
|v 3
|
| 702 |
|
1 |
|a Бесекерский
|b В. А.
|g Виктор Антонович
|4 340
|
| 712 |
0 |
2 |
|a Ленинградский институт авиационного приборостроения (ЛИАП)
|2 stltpush
|3 (RuTPU)RU\TPU\col\5782
|
| 801 |
|
0 |
|a RU
|b RuMRKP
|c 19950704
|g psbo
|
| 801 |
|
1 |
|a RU
|b 63413507
|c 20170113
|
| 801 |
|
2 |
|a RU
|b 63413507
|c 20170117
|g RCR
|
| 942 |
|
|
|c BK
|